00889nam a22002417a 4500999001900000005001700019010001500036020001100051035001400062037001300076082001500089100001500104245009500119260004100214270010600255300002400361500004500385700001400430700001200444700002000456942002900476952014200505 c165263d16526320190612153745.0 aENG-125547 c250.00 aEN-109079 bDBAD/PUB a650.072054 aPrabhu, R. aResearch Methodology in Business Management/cby R. Prabhu, T. Raju, [and] V. Krishnapriya aChennaibVijay Nicole Imprint c2018 a No.936, second floor, jayadurga Complex, bazar Road, Ram Nagar bChennaimvni@vijaydurganicole.co.in axi,358p.c24cm(pbk) ainclude bibliography reference and index aR. Prabhu aT. Raju aV. Krishnapriya 2ddccENh650.072054mPRA 001040708NFICaZLSbZLSd2019-06-12eDBAD/PUBg250.00l1m2o650.072054 PRApEN-109079r2023-02-24 00:00:00s2023-01-02t1v250.00yEN